[Event "National-chT China 2017"]
[Site "Beijing"]
[Date "2017.06.11"]
[Round "6"]
[White "Guo, Qi"]
[Black "Xiao, Yiyi"]
[Result "1/2-1/2"]
[WhiteElo "2417"]
[BlackElo "2287"]
[Annotator "TA"]
[PlyCount "114"]
[EventDate "2017.??.??"]
[EventCountry "CHN"]
[SourceTitle "playchess.com"]
[Source "ChessBase"]
[SourceQuality "1"]

{[%evp 16,114,79,75,82,77,85,72,86,93,109,89,102,100,133,53,94,90,96,76,124,103,128,111,105,113,105,114,116,110,111,125,125,118,72,70,387,367,363,163,227,224,214,158,289,289,251,122,133,127,102,19,489,483,684,437,431,179,165,155,176,40,140,138,342,349,336,305,561,203,156,0,402,381,375,-277,8,8,8,0,0,0,0,0,0,0,0,0,0,0,0,0,0,0,0,0,0,0,0,0,0]} 1. d4 Nf6 2. Nf3 e6 3. c4 b6 4. a3 Bb7 5. Nc3 Be7 6. d5 O-O 7. e4 d6 8. Bd3 e5 9. O-O {LiveBook: 15 Games. E12: Queen's Indian: Unusual White 4th moves, 4 a3, 4 Nc3 Bb7 5 a3 and 4 Nc3 Bb7} Nbd7 10. b4 Nh5 11. Re1 {White is better.} g6 12. Bh6 Ng7 13. Qc1 $146 ({Predecessor:} 13. Rb1 Bc8 14. Qc2 Nf6 15. c5 Nfe8 16. Rbc1 f5 17. cxd6 cxd6 {1-0 (43) Tkachiev,V (2634)-Karimov,I (2245) Tashkent 2015}) 13... Nf6 14. h3 Kh8 15. Nh2 (15. c5 $16) 15... Ng8 16. Bd2 {[%cal Bh6d2,Bd2f4,Bf4e3,Be3d4,Bd4e5][%mdl 32]} f5 17. f4 exf4 18. Bxf4 g5 19. Be3 f4 20. Bd4 Bf6 21. e5 dxe5 22. Bxe5 c6 {[%cal Rc6d5]} 23. Nf3 cxd5 24. cxd5 Rc8 25. Qb2 Re8 $2 {[%mdl 8192]} (25... Nh6 $1 $14) 26. Rad1 $18 Bxe5 27. Nxe5 (27. Rxe5 $142 {Ne4 is the strong threat.} g4 28. hxg4) 27... Qf6 28. Nb5 {aiming for Nd6!} Bxd5 29. Bf1 (29. Nxa7 $6 Rc7 $16) 29... a6 (29... Red8 $16) 30. Rxd5 {Strongly threatening Nd6.} axb5 {[#]} 31. Rd7 (31. Bxb5 $6 Re7 $16) (31. Rd6 $1 $18 {[%mdl 512] is more deadly.} Qf5 (31... Qxd6 32. Nf7#) 32. Bxb5) 31... Re7 $16 {And now ...Rxd7 would win.} 32. Rxe7 Nxe7 {[#]} 33. Qa2 (33. Ng6+ $1 $16 {[%mdl 512]} Qxg6 (33... Nxg6 34. Qxf6) 34. Rxe7) 33... h6 $2 {[%mdl 8192]} (33... Ngf5 $1 $11) 34. Qf7 $18 Ng8 (34... Qxf7 $142 35. Nxf7+ Kg8) 35. Qd7 Rf8 36. Bd3 (36. Qd3 $142 Nf5 37. Nd7 (37. Qxb5 f3 $14)) 36... Nf5 37. Kh2 Nge7 38. Bxb5 (38. Qxb5 $6 Qd6 $14) ({Only move:} 38. Ng4 $1 $18 {[%cal Rg4f6]} Qg7 39. Re6 (39. Qxb5 f3 $16) (39. Bxb5 h5 $11)) 38... h5 ({Black should try} 38... Qd6 $1 $14) 39. Qd1 $36 {[%mdl 2048] White is in control.} g4 $2 (39... Qh6 $16) 40. Nd7 $18 (40. hxg4 Ne3 $11) 40... Qh4 41. Qa1+ Kg8 $2 (41... Ng7 {might work better.}) 42. Bc4+ $2 (42. Nxf8 {White wants to mate with Bc4+.} Nd6 43. Ne6) 42... Rf7 43. Rg1 $2 (43. Nxb6 gxh3 44. Bxf7+ Kxf7 $11) (43. Bxf7+ $16 Kxf7 44. Ne5+ (44. Nxb6 gxh3 45. Qa2+ Kg7 $11) 44... Kg8 45. Kg1) 43... Qg3+ $2 {[%mdl 8192]} (43... f3 $11 {and Black is okay.} 44. Qa2 (44. Bxf7+ Kxf7 45. Qa2+ Ke8 $11) 44... fxg2 45. Bxf7+ Kg7 46. Qxg2 (46. Rxg2 Qxh3+ 47. Kg1 Qe3+ 48. Qf2 Qc1+ 49. Qf1 Qe3+ 50. Qf2 Qc1+ 51. Kh2 Kxf7 $11) 46... Kxf7) 44. Kh1 f3 45. Qc1 $4 {[%mdl 8192] [#]} ({Inferior is} 45. Bxf7+ Kxf7 46. Qa2+ (46. Qf6+ Ke8 $11) 46... Kg7 $11) (45. Nf6+ $1 $18 {is the narrow road to win.} Kf8 46. Nh7+ $1 {[%mdl 512]} (46. Nxh5 fxg2+ 47. Rxg2 Qxh3+ 48. Rh2 Qf3+ 49. Kg1 g3 $19) (46. Nd7+ Ke8 $16) 46... Ke8 47. Ng5) 45... fxg2+ $2 ({Black should play} 45... Ne3 $1 $19 {[%cal Rf3g2][%mdl 512]} 46. Nf6+ (46. Qxe3 fxg2+) 46... Kh8) 46. Rxg2 $11 {The position is equal.} Qxh3+ 47. Kg1 Ne3 {[%csl Ge3][%cal Rh3g2]} 48. Bxf7+ Kxf7 {[%csl Ge3][%cal Rh3g2]} 49. Rf2+ N7f5 {( -> ...Qg3+)} 50. Qc7 {Threatens to win with Nc5+.} g3 51. Nc5+ ({Avoid the trap} 51. Nxb6+ $2 Kg6 $19) 51... Kg8 52. Qc8+ Kh7 (52... Kg7 $5 {[%cal Rg3f2]} 53. Qc7+ Kg8 54. Qb8+ Kh7 55. Qb7+ Ng7 56. Qe4+ Ngf5 57. Qb7+ Ng7 58. Qe4+ Ngf5 59. Qb7+ $11) 53. Qd7+ Kh6 54. Qe6+ Kh7 (54... Kg7 $5 55. Qd7+ $8 Kg8 56. Qe8+ Kh7 57. Qd7+ Kg8 58. Qe6+ Kh7 59. Qd7+ $11) 55. Qd7+ Kh6 56. Qe6+ Kh7 57. Qd7+ Kh6 {Precision: White = 41%, Black = 23%.} 1/2-1/2

[Event "National-chT China 2017"]
[Site "Beijing"]
[Date "2017.06.11"]
[Round "6"]
[White "Wang, Jue"]
[Black "Zhang, Xiaowen"]
[Result "1/2-1/2"]
[WhiteElo "2367"]
[BlackElo "2355"]
[Annotator "TA"]
[PlyCount "89"]
[EventDate "2017.??.??"]
[EventCountry "CHN"]
[SourceTitle "playchess.com"]
[Source "ChessBase"]
[SourceQuality "1"]

{[%evp 13,89,14,15,18,27,28,10,14,26,27,29,-14,5,0,0,0,94,47,34,44,63,51,52,66,215,204,176,179,266,262,233,244,315,317,312,306,359,151,135,149,226,232,225,225,225,225,225,220,216,0,0,0,0,0,204,-91,-98,-108,-116,-114,-112,-118,-59,-59,-8,-8,-8,-8,-8,-8,-15,-22,0,-23,0,-23,0,-23]} 1. e4 e5 2. Nf3 Nf6 3. Nxe5 d6 4. Nf3 Nxe4 5. Nc3 Nxc3 6. dxc3 Be7 7. Be3 O-O 8. Qd2 {C42: Petroff Defence: 3 Nxe5 and unusual White 3rd moves} b6 9. O-O-O Bb7 10. h4 Nd7 11. Nd4 Ne5 12. Nf5 Bf6 13. Bg5 h6 14. f4 $36 {[%mdl 2048] White fights for an advantage.} Nd7 {[#]} (14... hxg5 $6 15. hxg5 Bxg5 16. fxg5 $16) (14... Ng4 $11) 15. Rh3 $146 ({Predecessor:} 15. Re1 Kh8 {1-0 (24) Kryvoruchko,Y (2697)-Romanov,E (2586) Abu Dhabi 2015}) 15... Nc5 16. g4 {[%cal Bg2g4,Bg4g5,Bg5h6][%mdl 32]} Re8 (16... hxg5 17. hxg5 g6 18. Nh6+ Kg7 19. gxf6+ Qxf6 20. g5 $18) 17. Bb5 c6 {aiming for ...Ne4.} (17... hxg5 $2 18. hxg5 g6 19. Bxe8 $18 (19. gxf6 Qxf6 20. Rh6 Be4 $18)) 18. Bd3 $1 d5 ({Black should try} 18... Nxd3+ $14 19. Qxd3 Bc8) 19. Bxf6 $18 Qxf6 20. g5 Qe6 (20... Qd8 $142) 21. gxh6 g6 22. Rg3 Qf6 23. h5 Nxd3+ 24. Qxd3 Re4 25. Nd6 (25. hxg6 $18 {White threatens h7+ and mate.} Qxf5 26. gxf7+ Kf8 27. Rg8+ Kxf7 28. Rg7+ Ke6 29. c4 Rxf4 30. cxd5+ (30. Rxb7 Qxd3 31. Rxd3 dxc4 $18) 30... cxd5 31. Qb5) 25... Qxf4+ $16 26. Kb1 Ba6 (26... Qxd6 $16 {is a better defense.} 27. Qxe4 Qxg3) 27. c4 $1 $18 ({Don't do} 27. Qxa6 Qxg3 28. Nxe4 dxe4) 27... Qxd6 28. Qxe4 $1 Qxg3 {[#]} 29. Qd4 $1 {[%csl Gh6][%cal Rd4g7]} f6 (29... gxh5 30. Rg1 $18) 30. Qxf6 {[%csl Gh6][%cal Rf6g7]} gxh5 31. Qe6+ $2 (31. cxd5 $18 cxd5 32. b3) 31... Kh8 $11 32. cxd5 cxd5 {And now ...Qg5 would win.} 33. Qf6+ $1 Kg8 $2 {[#]} (33... Kh7 $11 {and Black is okay.} 34. Qe7+ Kh8 35. Qf6+ Kh7 36. Qe7+ Kxh6) 34. Qd4 $2 (34. b3 $1 $18 Bb7 35. Rh1) 34... Re8 $17 {Threatens to win with ...Re5.} 35. Qxd5+ Kh8 {Hoping for ...Qe5.} 36. Qxh5 Re1 37. b3 Rxd1+ (37... Bb7 $17 {White must now prevent ...Bf3.} 38. Kb2 Rxd1 39. Qxd1 Qe5+ 40. Kb1 Qe7) 38. Qxd1 $15 Kh7 (38... Qc7 $1 $15 39. Qd4+ Kh7 40. Qe4+ Kxh6 41. Qh4+ Kg7 42. Qg5+ Kf7 43. Qh5+ Kf6 44. Qh6+ Kf5 45. Qh3+ Ke4 46. Qh1+ Ke3 47. Qh3+ Kf2 48. Qh4+ Kf3 49. Qh1+ Kf2 50. Qh4+ Kf1 51. Qh3+ Kf2 52. Qh4+) 39. Qd7+ $11 Kxh6 {Strongly threatening ...Qg1+.} 40. Qxa7 Qg1+ 41. Kb2 Qd4+ 42. Kb1 Qg1+ 43. Kb2 Qd4+ 44. Kb1 Qg1+ 45. Kb2 {Precision: White = 64%, Black = 46%.} 1/2-1/2

[Event "National-chT China 2017"]
[Site "Beijing"]
[Date "2017.06.11"]
[Round "6"]
[White "Chen, Peng"]
[Black "Chen, Qi b"]
[Result "1/2-1/2"]
[WhiteElo "2311"]
[BlackElo "2340"]
[Annotator "TA"]
[PlyCount "97"]
[EventDate "2017.??.??"]
[EventCountry "CHN"]
[SourceTitle "playchess.com"]
[Source "ChessBase"]
[SourceQuality "1"]

{[%evp 20,97,-16,-38,-30,-35,-11,-8,55,52,37,0,9,18,27,7,71,1,76,43,70,59,61,48,45,15,28,26,40,27,108,100,93,-45,-37,-14,64,51,62,44,100,4,22,0,0,-55,-29,-85,48,64,158,137,193,127,136,125,114,112,206,218,211,71,97,98,69,66,198,192,173,142,165,0,0,0,0,0,0,0,0,0]} 1. e4 c5 2. Nf3 d6 3. d4 cxd4 4. Nxd4 Nf6 5. Nc3 a6 6. Bg5 e6 7. f4 Qb6 8. Nb3 Nbd7 9. Qf3 Qc7 10. O-O-O Be7 11. Qg3 b5 {B97: Sicilian Najdorf: Poisoned Pawn} (11... h6 12. Bxf6 Bxf6 13. e5 dxe5 14. Ne4 exf4 15. Nxf6+ gxf6 16. Qg7 Rf8 17. Bd3 Ke7 18. Qxh6 Ne5 19. Qh4 {0-1 (57) Van Kempen,H (2593)-Costa,C (2616) ICCF corr 2000}) 12. Bxf6 Bxf6 13. Bxb5 $1 O-O ({Black should play} 13... axb5 $11 14. Nxb5 Qb8 15. Nxd6+ Kf8) 14. Bxd7 $1 $14 Bxd7 15. e5 dxe5 16. Ne4 Be7 17. fxe5 a5 $146 (17... Bc6 $11 {keeps the balance.} 18. Rhe1 Rfd8) ({Predecessor:} 17... Bc6 18. Qc3 Qb6 19. Nf6+ {0-1 (37) Chen,P (2206)-Zelbel,P (2330) Moscow 2009}) 18. Rd3 (18. Nf6+ $1 $16 Bxf6 19. exf6 Qxg3 20. hxg3) 18... Kh8 (18... Bc6 $1 $11 19. Nd6 Bd5) 19. Nd6 $36 {[%mdl 2048] White fights for an advantage.} a4 20. Rc3 Qb6 {And now ...Bxd6 would win.} 21. Nc5 Bc6 22. Rf1 Kg8 $1 23. Qf2 {Hoping for Nxe6!} Rab8 24. Nd3 Bg5+ (24... f6 $11) 25. Kb1 $16 Be3 26. Nc4 (26. Qe1 $1 $16 Bd5 27. Nc4 Bxc4 28. Rxc4) 26... Qd4 $15 27. Qe1 Bh6 (27... Bg5 $11 28. Nd6 Bd5) 28. Nd6 $1 $14 Bxg2 29. Rc4 Qa7 (29... Qb6 $14 30. Rxf7 Qe3) 30. Rf2 (30. Qf2 $16 Qxf2 31. Rxf2) 30... Bd5 $11 31. Rc5 Bg5 32. c4 ({Better is} 32. Rf1 $11) 32... Ba8 $15 {aiming for ...Bh4.} 33. Qa5 (33. Rf1 $1 $11 {remains equal.}) 33... Qxa5 (33... Qe7 $1 $17 {Threatening ...Be3.} 34. Rb5 Rxb5 35. cxb5 f6) 34. Rxa5 $14 Bc6 (34... Be3 $14) 35. Ra6 $16 Bd7 (35... Bh1 $16 {might work better.}) 36. Ra7 (36. c5 $18) 36... Rbd8 {White should prevent ...Be3.} 37. c5 $1 f6 {[#]} 38. Kc2 $1 Be8 (38... Be3 $16) 39. Nxe8 $18 Rfxe8 40. b4 (40. Rxa4 $18 {Black must now prevent Rg4.} fxe5 41. Rg4 (41. Nxe5 Rd5 $14)) 40... axb3+ $16 41. axb3 fxe5 42. Re2 $1 Bf6 (42... Rd5 $14) 43. Nxe5 $18 Rd5 44. Nd7 Bd4 {[#]} 45. b4 $2 (45. Rc7 $1 $18) 45... Rd8 $11 {The position is equal.} 46. Nb6 Bxc5 $1 47. bxc5 Rxc5+ 48. Kb1 {Threatens to win with Ka2.} Rb5+ 49. Rb2 {Precision: White = 55%, Black = 29%.} 1/2-1/2

[Event "National-chT China 2017"]
[Site "Beijing"]
[Date "2017.06.11"]
[Round "6"]
[White "Zhou, Guijue"]
[Black "Wang, Yu A"]
[Result "0-1"]
[WhiteElo "2250"]
[BlackElo "2354"]
[Annotator "TA"]
[PlyCount "90"]
[EventDate "2017.??.??"]
[EventCountry "CHN"]
[SourceTitle "playchess.com"]
[Source "ChessBase"]
[SourceQuality "1"]

{[%evp 13,90,29,29,29,29,31,42,31,34,31,25,16,45,43,80,46,31,34,67,12,64,37,30,31,37,38,43,40,39,37,28,-3,0,0,0,0,0,0,2,-4,-11,-45,-48,-54,-20,-24,0,-11,0,-92,-88,-93,-85,-100,-101,-101,-100,-445,-437,-445,-437,-620,-594,-717,-715,-584,-499,-549,-524,-516,-304,-425,-405,-491,-379,-622,-585,-5269,-4906]} 1. e4 e5 2. Nf3 Nc6 3. Bc4 Nf6 4. d3 Be7 5. O-O O-O 6. Re1 d6 7. a4 Na5 8. Ba2 {C55: Two Knights: 4 d3, 4 d4 exd4 5 e5 and Max Lange Attack} c5 9. Na3 (9. Nbd2 Be6 10. Bxe6 fxe6 11. c3 Nc6 12. Nf1 Ne8 13. Ng3 Nc7 14. Bd2 a6 15. Qe2 Qd7 {1-0 (39) Carlsen,M (2840)-Pavasovic,D (2548) chess.com INT 2017}) 9... Be6 10. Bxe6 {White is slightly better.} (10. Bd2 $5 {[%cal Ra2e6]}) 10... fxe6 11. c3 Nc6 12. Nc4 Qd7 13. Bd2 {[#]} Rae8 $146 ({Predecessor:} 13... Bd8 14. b4 Bc7 15. b5 Na5 16. Nxa5 Bxa5 {1-0 (52) Safarli,E (2688)-Halkias,S (2565) Baku 2016}) 14. h3 Bd8 15. b4 Bc7 16. b5 ({White should try} 16. bxc5 $14 dxc5 17. Qb1) 16... Ne7 (16... Na5 $11) 17. Bg5 Ng6 18. Nh4 Nxh4 19. Bxh4 d5 20. Nd2 Qf7 21. Bxf6 gxf6 {[%cal Bg7f6,Bf6f5][%mdl 32]} 22. Nb3 b6 23. Qe2 f5 24. c4 Kh8 25. Nd2 Rg8 26. Kh2 Ref8 27. f3 fxe4 28. dxe4 Qf4+ 29. Kh1 Rg6 30. Rg1 Rfg8 31. Rae1 (31. a5 $11 {remains equal.}) 31... d4 $17 32. Nf1 Bd8 {[%cal Bc7d8,Bd8g5,Bg5e3][%mdl 32]} 33. Rd1 Qh4 34. Nh2 Bg5 {[#] White must now prevent ...Bf4.} 35. g3 $2 {[%mdl 8192]} (35. Qe1 $17) 35... Qxh3 $19 36. Qf1 Qh6 37. Kg2 (37. g4 $142) 37... Be3 38. Ng4 Rxg4 39. fxg4 Bxg1 40. Kxg1 Rxg4 {KQR-KQR} 41. Kg2 Rg8 42. Rd3 Qg6 43. Qe2 Rf8 44. Rf3 $2 {[#]} (44. Kh3) 44... Rf4 45. Qf2 Qg4 {Precision: White = 35%, Black = 68%.} 0-1

[Event "National-chT China 2017"]
[Site "Beijing"]
[Date "2017.06.11"]
[Round "6"]
[White "Chu, Ruotong"]
[Black "Yuan, Ye"]
[Result "1/2-1/2"]
[WhiteElo "2147"]
[BlackElo "2292"]
[Annotator "TA"]
[PlyCount "86"]
[EventDate "2017.??.??"]
[EventCountry "CHN"]
[SourceTitle "playchess.com"]
[Source "ChessBase"]
[SourceQuality "1"]

{[%evp 9,86,32,47,15,77,63,81,64,61,60,67,55,58,59,92,73,81,58,65,65,73,74,64,33,51,18,32,22,37,45,120,0,0,0,89,63,96,84,76,10,57,-8,0,-89,-91,-126,-91,-101,0,0,18,-23,0,-64,-51,-31,-41,-111,-78,-140,-77,-89,-83,-81,-22,-104,-96,-101,-94,-95,-98,-114,-109,-139,-65,-71,0,-136,0]} 1. d4 d5 2. c4 e6 3. Nf3 c6 4. Qc2 Bd6 5. Bg5 Nf6 (5... f6 6. Bh4 Ne7 7. Bg3 Bb4+ 8. Nc3 Nf5 9. e3 Nxg3 10. hxg3 f5 11. cxd5 exd5 12. g4 Qf6 13. Bd3 fxg4 {0-1 (48) Tkachiev,V (2625)-Fier,A (2580) Dubai 2014}) 6. Nbd2 {D30: Queen's Gambit Declined: Systems without Nc3} Qa5 $146 (6... h6 $11 {keeps the balance.} 7. Bxf6 Qxf6) ({Predecessor:} 6... h6 7. Bxf6 Qxf6 8. e4 dxe4 9. Nxe4 Bb4+ 10. Kd1 Qd8 11. c5 O-O 12. h3 Ba5 13. Bc4 {1-0 (31) Kouatly,B (2520)-Guseinov,A (2395) Doha 1993}) 7. Bxf6 gxf6 8. cxd5 {White is better.} exd5 9. e3 Be6 10. Bd3 h5 11. O-O Nd7 12. Nh4 O-O-O 13. f4 Nf8 14. Rab1 Kb8 15. b4 Qc7 16. Rb2 Rg8 17. Qb1 Re8 18. Re1 Bc8 19. Nf1 Qe7 (19... Nd7 $14) 20. Kf2 (20. Ng3 $1 $16) 20... Qc7 $36 {[%mdl 2048] Black has good play.} 21. Ng3 {[#]} Rg4 ({Much worse is} 21... Bxf4 $6 22. exf4 Ne6 23. Kg1 $16 (23. Nxh5 Rh8 $16)) (21... Ng6 $1 $11 {[%mdl 512]} 22. Nf3 (22. Bxg6 fxg6) 22... Bg4) 22. Nf3 h4 23. Nf5 h3 {[#]} 24. gxh3 (24. g3 $1 $16) 24... Rg8 {[%cal Bg4g8,Bg8e8,Be8h8][%mdl 32]} 25. Nxd6 (25. b5 $1 $14 Bxf5 26. Bxf5) 25... Qxd6 26. Bf5 (26. h4 $11 {remains equal.}) 26... Nd7 $17 {[%mdl 1024] Black has strong compensation.} 27. Qd3 Re7 28. a3 b5 (28... Nb6 $17 29. Bxc8 Rxc8) 29. Rbe2 $11 Rge8 30. Nh4 Rh8 31. Kg3 (31. Nf3 $11) 31... Ree8 $15 {...Reg8+ is the strong threat.} 32. Nf3 Nb6 33. Bxc8 (33. Kf2 $15) 33... Rxc8 34. Rg1 ({White should play} 34. Qf5) 34... Nc4 (34... Qd7 $142 35. Kf2 Rxh3) 35. h4 $17 Qd7 {Hoping for ...Rcg8+.} 36. Kf2 Rce8 (36... Nd6 $17) 37. Ree1 (37. e4 $11) 37... Re7 38. Rg3 Nd6 39. Kf1 Ne4 40. Rg2 Qh3 41. Qe2 Nc3 (41... Nd6 $17 {Threatens to win with ...Nf5.} 42. Kf2 Rhe8) 42. Qf2 $15 Ne4 ({Better is} 42... Rhe8 43. Qg3 Qf5) 43. Qe2 $17 Nc3 {Precision: White = 40%, Black = 44%.} (43... Nd6 $17 44. Kf2 Rhe8) 1/2-1/2

[Event "National-chT China 2017"]
[Site "Beijing"]
[Date "2017.06.11"]
[Round "6"]
[White "Zhang, Xiao"]
[Black "Liu, Hongyan"]
[Result "1-0"]
[WhiteElo "1913"]
[BlackElo "2029"]
[Annotator "NA RC"]
[PlyCount "89"]
[EventDate "2017.??.??"]
[EventCountry "CHN"]
[SourceTitle "playchess.com"]
[Source "ChessBase"]
[SourceQuality "1"]
[TimeControl "40/5400+30:1800+30"]

1. d4 d5 2. c4 c6 3. Nf3 Nf6 4. e3 e6 5. Nc3 Nbd7 6. Qc2 Bd6 7. Bd3 dxc4 8. Bxc4 b5 9. Be2 Bb7 10. O-O O-O 11. Rd1 Qc7 12. e4 e5 {D46: Semi-Slav: 5 e3 Nbd7 6 Bd3, Black avoids the Meran} 13. Bg5 (13. g3 Rfe8 14. dxe5 Nxe5 15. Bg5 Neg4 16. Rac1 Bc5 17. Bxf6 Bxf2+ 18. Kh1 gxf6 19. Nxb5 Qe7 20. Nd6 {½-½ (45) Dragun,K (2572)-Shirov,A (2702) Riga 2015}) 13... exd4 14. Rxd4 Bc5 {LiveBook: 3 Games} 15. Rd2 Rfe8 {[#]} 16. Bd3 $146 (16. Rad1 $16) ({Predecessor:} 16. Bxf6 Nxf6 17. e5 Ng4 18. Ne4 Be7 19. Nd6 Red8 20. Rad1 Bxd6 21. exd6 {1-0 (39) Arizmendi Martinez,J (2551)-Salgado Lopez,I (2597) El Sauzal 2010}) 16... Ng4 17. Bh4 Nde5 18. Nxe5 Nxe5 19. Bg3 Qe7 20. Bf1 Bb6 21. h3 Qg5 22. Kh2 Bc8 23. Be2 ({Much weaker is} 23. f4 {[#]} Ng4+ $1 {[%mdl 512]} 24. Kh1 Qh6 $15) 23... Ng6 24. Rad1 Be6 25. Qc1 Qf6 26. e5 Nxe5 27. Ne4 $14 Qe7 28. Bxe5 Bd5 29. Rxd5 cxd5 30. Rxd5 Rad8 31. Rxb5 Rc8 32. Nc3 f6 33. Bg3 Rxc3 34. Qxc3 Qxe2 35. Rf5 Rd8 36. Qb3+ Kh8 37. Qf7 Qxb2 38. Be5 Qc2 39. Rxf6 Rg8 40. Re6 Qc8 41. Re7 Qf8 42. Qxf8 Rxf8 43. Rxg7 h6 44. Rxa7+ Kg8 45. Rg7+ 1-0

[Event "National-chT China 2017"]
[Site "Beijing"]
[Date "2017.06.12"]
[Round "7"]
[White "Yu, Yangyi"]
[Black "Xu, Xiangyu"]
[Result "1-0"]
[WhiteElo "2749"]
[BlackElo "2536"]
[Annotator "TA"]
[PlyCount "27"]
[EventDate "2017.??.??"]
[EventCountry "CHN"]
[SourceTitle "playchess.com"]
[Source "ChessBase"]
[SourceQuality "1"]

{[%evp 19,27,8,14,25,10,0,28,17,460,452]} 1. Nf3 Nf6 2. b3 b6 3. g3 Bb7 4. Bb2 e6 5. Bg2 c5 6. c4 Be7 7. O-O O-O 8. d4 d5 9. cxd5 Nxd5 10. dxc5 Bxc5 11. a3 {A14: English Opening: 1...e6 with b3 by White} a5 12. Nbd2 Na6 $146 ({Predecessor:} 12... Qe7 13. Ne5 Rd8 14. Nd3 Nc6 15. Nxc5 bxc5 16. e3 Ba6 17. Re1 a4 18. bxa4 Bd3 {½-½ (47) Giri,A (2771)-Kramnik,V (2808) Stavanger 2017}) 13. Qb1 Nf6 $2 {[%mdl 8192] [#]} (13... Qe7 $11 {and Black is okay.}) 14. Ng5 1-0

[Event "National-chT China 2017"]
[Site "Beijing"]
[Date "2017.06.12"]
[Round "7"]
[White "Zhao, Jun"]
[Black "Li, Shilong"]
[Result "1-0"]
[WhiteElo "2624"]
[BlackElo "2524"]
[Annotator "TA"]
[PlyCount "37"]
[EventDate "2017.??.??"]
[EventCountry "CHN"]
[SourceTitle "playchess.com"]
[Source "ChessBase"]
[SourceQuality "1"]

{[%evp 20,37,20,13,20,12,12,13,75,61,66,0,40,14,283,270,297,298,310,301]} 1. d4 Nf6 2. c4 g6 3. Nc3 Bg7 4. e4 d6 5. Be2 O-O 6. Bg5 Nbd7 7. Qd2 c6 8. f3 a6 9. Nh3 b5 10. Nf2 bxc4 11. Bxc4 d5 {E73: King's Indian: Averbakh Variation without 6...c5} 12. Be2 dxe4 13. fxe4 Bb7 $146 (13... e5 $11) ({Predecessor:} 13... e5 14. d5 cxd5 15. exd5 Nb6 16. d6 Bb7 17. O-O h6 18. Bxh6 Bxh6 19. Qxh6 Qxd6 {1-0 (30) Bareev,E (2590)-Kupreichik,V (2490) Podolsk 1990}) 14. O-O (14. e5 $5 {[%cal Re5f6]} Ne8 15. O-O $16) 14... c5 {[#] Strongly threatening ...cxd4.} 15. e5 ({White should play} 15. d5 $1 $14) 15... cxd4 16. Qxd4 {And now Rad1 would win.} Qa5 $2 {[%mdl 8192]} (16... Nh5 $11 {and Black has nothing to worry.}) 17. exf6 $18 {White has a decisive advantage.} ({Don't play} 17. Bxf6 $6 Nxf6 18. exf6 Bxf6 $18) 17... Qxg5 {[%csl Gb7][%cal Rg5g2] [#]} 18. Nfe4 $1 {[%cal Re4g5]} Bxf6 19. Rxf6 1-0

[Event "National-chT China 2017"]
[Site "Beijing"]
[Date "2017.06.12"]
[Round "7"]
[White "Xiu, Deshun"]
[Black "Liu, Guanchu"]
[Result "0-1"]
[WhiteElo "2554"]
[BlackElo "2453"]
[Annotator "TA"]
[PlyCount "106"]
[EventDate "2017.??.??"]
[EventCountry "CHN"]
[SourceTitle "playchess.com"]
[Source "ChessBase"]
[SourceQuality "1"]

{[%evp 19,106,0,0,0,0,0,-20,-26,-13,-9,0,-69,-15,-12,-9,-8,-12,-8,-29,-19,-12,-12,-4,-21,-18,-21,-18,-221,-214,-377,-356,-347,-235,-318,-338,-297,-353,-335,-322,-335,-302,-399,-241,-229,-259,-254,-238,-382,-368,-526,-520,-515,-457,-710,-530,-539,-487,-488,-523,-517,-514,-472,-480,-582,-558,-681,-644,-626,-584,-716,-696,-1712,-1554,-1474,-1282,-1121,-1092,-1782,-539,-12827,-12058,-12839,-12839,-12844,-12844,-12845,-12835,-12835,-12836]} 1. d4 e6 2. Nf3 Nf6 3. c4 b6 4. g3 Ba6 5. Qc2 c5 6. d5 {E15: Queen's Indian: 4 g3 sidelines, 4 g3 Ba6 and 4 g3 Bb7 early deviations} exd5 7. cxd5 Bb7 (7... d6 8. Nc3 b5 9. e4 Qa5 10. b4 cxb4 11. Nxb5 Kd8 12. Nfd4 Bxb5 13. Bxb5 b3+ {1-0 (28) Grischuk,A (2752)-Mamedyarov,S (2762) Germany 2016}) 8. Bg2 Nxd5 9. O-O Be7 10. Rd1 Nc6 {LiveBook: 161 Games} 11. Qf5 ({Not} 11. Rxd5 $2 Nb4 $19) 11... Nf6 12. e4 g6 13. Qf4 O-O 14. Nc3 $146 d6 15. e5 (15. b3 $11) 15... Nxe5 (15... dxe5 $1 $15 16. Nxe5 Qc8) 16. Nxe5 $11 Bxg2 17. Kxg2 dxe5 18. Qxe5 Qe8 $1 19. Qc7 {White wants to play Bh6.} Rc8 20. Qxa7 Qc6+ 21. f3 Rfe8 $36 {[%mdl 2048] White is under pressure.} 22. Qa6 c4 {Hoping for ...Bb4.} 23. Be3 $2 {[#]} (23. a4 $1 $11 {and White is okay.}) 23... Bb4 $1 $19 24. Bf2 $2 (24. Qxb6 Bxc3 25. bxc3) 24... Bxc3 $1 25. bxc3 Nd5 26. Rd4 Ne3+ 27. Bxe3 Rxe3 28. Rf1 Rxc3 29. Rf2 Re8 30. Rf4 Ra8 31. Rf6 Qxf6 ({Don't take} 31... Rxa6 32. Rxc6 Rc1 33. f4 $17) 32. Qxa8+ {[%mdl 4096] Endgame KQR-KQR} Kg7 33. Re2 (33. Qd5 $142) 33... Rd3 34. h4 (34. Qe4 $142) 34... h5 {Black is clearly winning.} 35. Qe4 b5 36. Rc2 (36. f4 $142 Rd4 37. Qe5) 36... Qd4 37. Qxd4+ Rxd4 {KR-KR} 38. Rb2 Rd5 39. Kf2 Kf6 40. Re2 Re5 41. Rd2 Ke6 42. Rd8 Rd5 43. Rb8 Kd6 44. Rf8 c3 {[%cal Bc4c3,Bc3c2][%mdl 32]} 45. Ke3 Rc5 {[#] ( -> ...Ke7)} 46. Rd8+ Ke5 {...c2 is the strong threat.} 47. Rd1 c2 48. Rc1 Rc3+ 49. Ke2 Kd4 50. g4 f5 51. gxh5 gxh5 52. f4 Ke4 53. Kd2 Rc5 {Precision: White = 38%, Black = 88%.} 0-1